[Event "4th EUR-ch"]
[Site "Istanbul TUR"]
[Date "2003.06.05"]
[Round "6.79"]
[White "Dervishi, Erald"]
[Black "Hug, Werner"]
[Result "0-1"]
[WhiteElo "2535"]
[BlackElo "2453"]
[EventDate "2003.05.30"]
[PlyCount "54"]

1.e4 e6 2.d4 d5 3.Nd2 c5 4.exd5 Qxd5 5.Ngf3 cxd4 6.Bc4 Qd6 7.O-O Nf6 8.Nb3
Nc6 9.Nbxd4 Nxd4 10.Nxd4 Bd7 11.b3 O-O-O 12.a4 a6 13.Ba3 Qf4 14.Ne2 Qc7 
15.Qc1 Ng4 16.Ng3 Bxa3 17.Rxa3 h5 18.h4 Bc6 19.Bd3 Qe7 20.Re1 Qxh4 21.Be4 
Qh2+ 22.Kf1 h4 23.b4 hxg3 24.Rxg3 Bxe4 25.Rxg4 Bc6 26.c4 Rh4 27.Rxh4 Bxg2+
0-1

[Event "4th EUR-ch"]
[Site "Istanbul TUR"]
[Date "2003.06.05"]
[Round "6.81"]
[White "Erdogdu, Mert"]
[Black "Godena, Michele"]
[Result "1/2-1/2"]
[WhiteElo "2303"]
[BlackElo "2527"]
[EventDate "2003.05.30"]
[PlyCount "86"]

1.e4 e5 2.Nf3 Nc6 3.Bb5 a6 4.Ba4 Nf6 5.O-O b5 6.Bb3 Bc5 7.c3 d6 8.d4 Bb6 
9.a4 Bb7 10.Re1 O-O 11.Bg5 h6 12.Bh4 g5 13.Bg3 Re8 14.dxe5 Nxe5 15.Nxe5 
dxe5 16.Nd2 Qd6 17.axb5 axb5 18.Rxa8 Rxa8 19.Qe2 Rd8 20.Nf3 Nxe4 21.Rd1 
Qe7 22.Rxd8+ Qxd8 23.Nxe5 Bd5 24.Qxb5 Bxb3 25.Qxb3 Qf6 26.Ng4 Qg6 27.Qd5 
Nxf2 28.Qd8+ Kh7 29.Nf6+ Qxf6 30.Qxf6 Ne4+ 31.Qf2 Bxf2+ 32.Bxf2 Kg6 33.Be1
Kf5 34.Kf1 Nc5 35.Ke2 Ke4 36.b4 Nd3 37.Bd2 f5 38.h4 f4 39.hxg5 hxg5 40.b5 
g4 41.c4 f3+ 42.gxf3+ gxf3+ 43.Kf1 Kd4 1/2-1/2

[Event "4th EUR-ch"]
[Site "Istanbul TUR"]
[Date "2003.06.05"]
[Round "6.82"]
[White "Bayram, Yakup"]
[Black "Potkin, Vladimir"]
[Result "0-1"]
[WhiteElo "2296"]
[BlackElo "2522"]
[EventDate "2003.05.30"]
[PlyCount "82"]

1.a3 d5 2.Nf3 Nf6 3.g3 c6 4.Bg2 Bf5 5.O-O e6 6.d4 Nbd7 7.Nc3 h6 8.Re1 Be7 
9.Nd2 Qb6 10.e4 Bg4 11.Nf3 dxe4 12.Nxe4 Nxe4 13.Rxe4 Nf6 14.Re3 Rd8 15.Rb3
Qc7 16.Bf4 Bd6 17.Bxd6 Rxd6 18.Qd2 O-O 19.Ne5 Bf5 20.Nc4 Rd7 21.Na5 b6 22.
Nxc6 Ne4 23.Qe2 Qxc6 24.Re3 Rxd4 25.Re1 Nxg3 26.Bxc6 Nxe2+ 27.R3xe2 Rc4 
28.Bf3 Bxc2 29.Rd2 Rc7 30.Rc1 Rfc8 31.b4 Bf5 32.Rd8+ Rxd8 33.Rxc7 Rd3 34.
Kg2 Bh3+ 35.Kg3 g5 36.Kxh3 Rxf3+ 37.Kg4 Rxa3 38.h4 gxh4 39.Kxh4 Kg7 40.f4 
Ra4 41.Kg3 Rxb4 0-1

[Event "4th EUR-ch"]
[Site "Istanbul TUR"]
[Date "2003.06.05"]
[Round "6.83"]
[White "Nedev, Trajce"]
[Black "Volkmann, Friedrich"]
[Result "0-1"]
[WhiteElo "2518"]
[BlackElo "2435"]
[EventDate "2003.05.30"]
[PlyCount "74"]

1.e4 e5 2.Nf3 Nf6 3.Nxe5 Nxe4 4.Qe2 Qe7 5.Qxe4 d6 6.d4 dxe5 7.dxe5 Nc6 8.
Bb5 Bd7 9.Nc3 Qb4 10.Bc4 O-O-O 11.a3 Qa5 12.Bf4 Bb4 13.O-O Bxc3 14.bxc3 
Be6 15.Bd3 Qxc3 16.Rab1 Ba2 17.Rbd1 Kb8 18.Rfe1 h6 19.Bg3 Rd4 20.Qe2 Rhd8 
21.f4 g6 22.Rc1 Bc4 23.Bf2 Rxf4 24.Be3 Nd4 25.Qd1 Rh4 26.Bf2 Rh5 27.Re4 
Be6 28.Rb1 Nc6 29.Qf3 b6 30.Rc4 Bxc4 31.Qxc6 Rxd3 32.cxd3 Qxd3 33.Rc1 Rh4 
34.h3 Rf4 35.Re1 Rxf2 36.Kxf2 Qd2+ 37.Kf3 Bd5+ 0-1

[Event "4th EUR-ch"]
[Site "Istanbul TUR"]
[Date "2003.06.05"]
[Round "6.84"]
[White "Jenni, Florian"]
[Black "Mamedov, Rauf"]
[Result "1-0"]
[WhiteElo "2516"]
[BlackElo "2330"]
[EventDate "2003.05.30"]
[PlyCount "155"]

1.e4 c5 2.c3 d6 3.d4 cxd4 4.cxd4 Nf6 5.Nc3 g6 6.h3 Bg7 7.Nf3 O-O 8.Be3 Nc6
9.d5 Nb8 10.Be2 e6 11.dxe6 Bxe6 12.Nd4 Nc6 13.Nxe6 fxe6 14.Qb3 Qe7 15.O-O 
Kh8 16.Rad1 Rad8 17.Rd2 Rd7 18.Rfd1 Rfd8 19.Qa3 Bf8 20.Bb5 Rc7 21.Bxc6 
bxc6 22.Bc5 Rcd7 23.e5 dxc5 24.exf6 Qf7 25.Rxd7 Rxd7 26.Rxd7 Qxd7 27.Qb3 
Kg8 28.Ne4 Qd5 29.Qf3 Qe5 30.b3 Bh6 31.g3 Qf5 32.Kg2 a5 33.h4 Qe5 34.Kh2 
Kf7 35.Qe2 Qd5 36.Qc2 Qd4 37.Kg2 Qd5 38.Qc4 Bf8 39.g4 h6 40.f3 Qe5 41.Qd3 
Qb2+ 42.Kg3 Qd4 43.Qxd4 cxd4 44.g5 hxg5 45.hxg5 e5 46.Kf2 Ke6 47.Ng3 Ba3 
48.Ke2 Bc1 49.Ne4 Ba3 50.Kd3 Kd5 51.Nd2 Ke6 52.Nc4 Bc1 53.Ke4 Bxg5 54.f7 
Kxf7 55.Nxe5+ Ke6 56.Nxc6 Kd6 57.Nxa5 Kc5 58.Nc4 Bf6 59.a3 Bg7 60.Kd3 Bf6 
61.Nd2 Bg7 62.Ne4+ Kb5 63.Nd6+ Kc6 64.Nf7 Bf8 65.a4 Kd5 66.Nh8 g5 67.Nf7 
Be7 68.a5 Kc5 69.Ne5 Kb5 70.Kxd4 Bf6 71.b4 Be7 72.Nd3 Bd8 73.Kd5 Be7 74.a6
Kxa6 75.Kc6 Bd8 76.Nc5+ Ka7 77.b5 Ba5 78.Nd7 1-0

[Event "4th EUR-ch"]
[Site "Istanbul TUR"]
[Date "2003.06.05"]
[Round "6.85"]
[White "Yeke, Serkan"]
[Black "Reinderman, Dimitri"]
[Result "0-1"]
[WhiteElo "2287"]
[BlackElo "2516"]
[EventDate "2003.05.30"]
[PlyCount "84"]

1.Nf3 c5 2.c4 Nf6 3.Nc3 Nc6 4.d4 cxd4 5.Nxd4 e6 6.a3 d5 7.cxd5 Nxd5 8.Nxc6
bxc6 9.Bd2 Bd6 10.e4 Nb6 11.Qg4 O-O 12.f4 Rb8 13.Rd1 f5 14.Qg3 Be7 15.h4 
Qc7 16.Be3 c5 17.Bd3 fxe4 18.Nxe4 Nd5 19.O-O Nxe3 20.Qxe3 Rxb2 21.Bc4 Bxh4
22.Nxc5 Be7 23.Bxe6+ Kh8 24.Nd3 Bb7 25.Bh3 Rb3 26.Qe6 Rxa3 27.Ne5 Ra6 28.
Qg4 Bc8 29.Qe2 Qb6+ 30.Kh2 Bxh3 31.gxh3 Qe6 32.Rf2 g6 33.Rd7 Re8 34.Qd3 
Ra3 35.Qf1 Kg8 36.Rb2 Bf6 37.Rbb7 Bxe5 38.fxe5 Qxe5+ 39.Kh1 Qe4+ 40.Kg1 
Qe3+ 41.Kg2 Ra2+ 42.Kh1 Qxh3+ 0-1

[Event "4th EUR-ch"]
[Site "Istanbul TUR"]
[Date "2003.06.05"]
[Round "6.86"]
[White "Solak, Dragan"]
[Black "Atakisi, Umut"]
[Result "1-0"]
[WhiteElo "2514"]
[BlackElo "2303"]
[EventDate "2003.05.30"]
[PlyCount "51"]

1.e4 c5 2.Nc3 Nc6 3.Bb5 Nd4 4.Bc4 g6 5.Nf3 Bg7 6.Nxd4 cxd4 7.Qf3 Nh6 8.Ne2
O-O 9.d3 Ng4 10.Qg3 Nf6 11.h4 e6 12.Bb3 d5 13.e5 Nd7 14.f4 f6 15.Nxd4 fxe5
16.Nxe6 Qe7 17.f5 Nb6 18.Bg5 Qd6 19.Nxf8 gxf5 20.Bd2 Kxf8 21.O-O-O a5 22.
a3 Be6 23.d4 f4 24.Qg5 Nd7 25.dxe5 Bxe5 26.Rhf1 1-0

[Event "4th EUR-ch"]
[Site "Istanbul TUR"]
[Date "2003.06.05"]
[Round "6.87"]
[White "Meijers, Viesturs"]
[Black "Kilicaslan, Hasan"]
[Result "0-1"]
[WhiteElo "2512"]
[BlackElo "2260"]
[EventDate "2003.05.30"]
[PlyCount "112"]

1.e4 e5 2.Nf3 Nc6 3.Bb5 Nd4 4.Nxd4 exd4 5.c3 Qg5 6.Bf1 Bc5 7.d3 Qf6 8.Qf3 
Qxf3 9.gxf3 Ne7 10.b4 Bd6 11.Bb2 f6 12.Na3 dxc3 13.Bxc3 c6 14.Nc4 Bc7 15.
h4 d5 16.Ne3 h5 17.Be2 Be6 18.Nc2 a5 19.bxa5 Bxa5 20.Bxa5 Rxa5 21.a3 Ng6 
22.Kd2 Nf4 23.Rhg1 Kf7 24.Rg3 Rd8 25.Ke3 dxe4 26.fxe4 g5 27.Bf1 Ng6 28.
hxg5 fxg5 29.Rb1 Rd7 30.d4 h4 31.Rg1 Re7 32.Be2 Nf4 33.Bg4 Bxg4 34.Rxg4 
Nd5+ 35.Kd3 Nf6 36.Rg2 Nxe4 37.f4 g4 38.Re2 Nd6 39.Re5 Raxe5 40.dxe5 Nf5 
41.Ke4 Ng3+ 42.Ke3 h3 43.Kf2 Nf5 44.Rd1 g3+ 45.Kf3 g2 46.Kf2 Ke6 47.Kg1 
Rg7 48.Kh2 Rg4 49.Rg1 Rg3 50.Re1 Rc3 51.Re2 c5 52.Rd2 b5 53.Re2 Nh4 54.Ne1
Nf3+ 55.Nxf3 Rxf3 56.f5+ Rxf5 0-1

[Event "4th EUR-ch"]
[Site "Istanbul TUR"]
[Date "2003.06.05"]
[Round "6.88"]
[White "Erdogan, Hakan"]
[Black "Markowski, Tomasz"]
[Result "0-1"]
[WhiteElo "2239"]
[BlackElo "2587"]
[EventDate "2003.05.30"]
[PlyCount "81"]

1.d4 d5 2.c4 dxc4 3.Nf3 Nf6 4.e3 e6 5.Bxc4 a6 6.O-O Nbd7 7.a4 b6 8.Nc3 Bb7
9.Qe2 c5 10.Rd1 Qc7 11.e4 cxd4 12.Nxd4 Ne5 13.Bb3 Neg4 14.g3 Bc5 15.h3 
Nxf2 16.Qxf2 e5 17.Be3 exd4 18.Bxd4 O-O 19.Bxc5 bxc5 20.Nd5 Bxd5 21.exd5 
Ne4 22.Qf4 Qxf4 23.gxf4 Nd6 24.Rac1 Rab8 25.Bc4 a5 26.b3 Rfe8 27.Bf1 Rec8 
28.Rc3 Rb4 29.Rdc1 Ne4 30.Rc4 Rxc4 31.Bxc4 Kf8 32.Kg2 Nd6 33.Ba6 Rc7 34.
Kf3 Ke7 35.Rc3 Nf5 36.Ke4 g6 37.Kd3 Ra7 38.Bc8 Kd6 39.Kc4 Ne7 40.Bg4 Rb7 
41.Rf3 0-1

[Event "4th EUR-ch"]
[Site "Istanbul TUR"]
[Date "2003.06.05"]
[Round "6.91"]
[White "Arizmendi Martinez, Julen Luis"]
[Black "Zueger, Beat"]
[Result "0-1"]
[WhiteElo "2516"]
[BlackElo "2448"]
[EventDate "2003.05.30"]
[PlyCount "155"]

1.e4 c5 2.Nf3 Nc6 3.Nc3 e5 4.Bc4 d6 5.d3 Be7 6.O-O Bg4 7.h3 Bh5 8.Nd5 Nf6 
9.c3 O-O 10.a3 Nxd5 11.Bxd5 a5 12.a4 Rb8 13.g4 Bg6 14.Be3 Kh8 15.Kg2 f6 
16.Qb3 Qc7 17.Nh4 Be8 18.Nf5 Bd8 19.f4 Ne7 20.Nxe7 Bxe7 21.c4 exf4 22.Bxf4
Bc6 23.Qc2 Qd7 24.b3 Bxd5 25.exd5 Rbe8 26.Rae1 Bd8 27.Qf2 Kg8 28.Bg3 Bc7 
29.Qf3 Rxe1 30.Rxe1 Re8 31.Re6 Rxe6 32.dxe6 Qxe6 33.Qxb7 Qe2+ 34.Bf2 Qe7 
35.Qd5+ Kf8 36.d4 cxd4 37.Bxd4 Qe2+ 38.Bf2 Ke7 39.Qc6 Kd8 40.Qd5 Ke7 41.
Kg1 Qc2 42.c5 Qc1+ 43.Kg2 Qc2 44.Qc6 Kd8 45.Qd5 Ke7 46.Kf3 Qc3+ 47.Be3 Qc2
48.c6 Kf8 49.Bf2 Qc3+ 50.Kg2 Qc2 51.Kf3 Qc3+ 52.Be3 Qc2 53.h4 g6 54.h5 Qc3
55.Kf2 Qc2+ 56.Kg3 Qc3 57.Kf2 Qc2+ 58.Kg3 Qc3 59.Kf3 Ke7 60.Kf2 Qc2+ 61.
Kf3 Qc3 62.Ke2 Qb2+ 63.Kd3 Qb1+ 64.Ke2 Qb2+ 65.Kd1 Qa1+ 66.Bc1 Qc3 67.Qg8 
Qf3+ 68.Kc2 Qxc6+ 69.Kb2 gxh5 70.Qxh7+ Kd8 71.gxh5 d5 72.Qc2 Be5+ 73.Kb1 
Qb6 74.Qd3 Qe6 75.h6 f5 76.h7 Bf6 77.Bg5 Qe1+ 78.Ka2 0-1

[Event "4th EUR-ch"]
[Site "Istanbul TUR"]
[Date "2003.06.05"]
[Round "6.92"]
[White "Nikolaidis, Ioannis"]
[Black "Demir, Gokhan"]
[Result "1-0"]
[WhiteElo "2498"]
[BlackElo "2245"]
[EventDate "2003.05.30"]
[PlyCount "52"]

1.d4 Nf6 2.c4 g6 3.Nc3 d5 4.cxd5 Nxd5 5.Bg5 Bg7 6.e3 c5 7.Rc1 Nxc3 8.bxc3 
cxd4 9.cxd4 Qa5+ 10.Qd2 Nc6 11.Nf3 Bd7 12.Bd3 h6 13.Bh4 g5 14.Bg3 O-O 15.
Qxa5 Nxa5 16.h4 Rfc8 17.Ke2 f6 18.hxg5 hxg5 19.d5 e5 20.dxe6 Bxe6 21.Nd4 
Bc4 22.Rxc4 Nxc4 23.Be4 Rc5 24.Bxb7 Rd8 25.Re1 Bf8 26.Nb3 Rdc8 1-0

[Event "4th EUR-ch"]
[Site "Istanbul TUR"]
[Date "2003.06.05"]
[Round "6.93"]
[White "Oney, Feridun"]
[Black "Sulypa, Olexandr"]
[Result "1/2-1/2"]
[WhiteElo "2251"]
[BlackElo "2492"]
[EventDate "2003.05.30"]
[PlyCount "91"]

1.Nf3 c5 2.c4 e6 3.Nc3 d5 4.cxd5 exd5 5.d4 Nc6 6.Bg5 f6 7.Bc1 Bf5 8.e3 c4 
9.Nh4 Be6 10.Be2 Bb4 11.O-O Nge7 12.Bg4 f5 13.Be2 Nc8 14.g3 O-O 15.Bd2 a6 
16.Bf3 Bxc3 17.bxc3 Nd6 18.Ng2 g5 19.Qc1 h6 20.Be1 b5 21.h4 Rb8 22.a3 Ne4 
23.Bd1 Qd6 24.Kh2 Rb7 25.f3 Nf6 26.Rh1 Na5 27.Qb1 Nc6 28.Kg1 g4 29.fxg4 
Ne4 30.Nf4 fxg4 31.Be2 Bf5 32.Qd1 Qd7 33.Ra2 Kh7 34.Bf1 Rfb8 35.h5 a5 36.
Ng6 Qd6 37.Nh4 Bd7 38.Bg2 Qe6 39.Rb2 Be8 40.Qb1 Ne7 41.Rf2 Bxh5 42.Rf4 Bg6
43.Nxg6 Nxg6 44.Bxe4 dxe4 45.Qxe4 Re7 46.Qxe6 1/2-1/2

[Event "4th EUR-ch"]
[Site "Istanbul TUR"]
[Date "2003.06.05"]
[Round "6.94"]
[White "Grant, Jonathan"]
[Black "Sanduleac, Vasile"]
[Result "1/2-1/2"]
[WhiteElo "2253"]
[BlackElo "2492"]
[EventDate "2003.05.30"]
[PlyCount "136"]

1.c4 e5 2.Nc3 d6 3.g3 f5 4.d4 e4 5.Bg2 Nf6 6.f3 exf3 7.Nxf3 Be7 8.O-O O-O 
9.Nd5 Nxd5 10.cxd5 Bf6 11.e3 Qe7 12.Qc2 c6 13.dxc6 Nxc6 14.Bd2 Qf7 15.b4 
Be6 16.b5 Ne7 17.Rfc1 Nd5 18.e4 fxe4 19.Qxe4 Nb6 20.Rf1 Bd5 21.Qf4 Qd7 22.
a4 Rae8 23.Bb4 Nc4 24.Rae1 Rxe1 25.Nxe1 Bxg2 26.Nxg2 a6 27.bxa6 Qxa4 28.
Bc3 Qxa6 29.Qe4 Qc6 30.Qe6+ Kh8 31.Nf4 Nb6 32.Ba1 d5 33.Rb1 Nc4 34.Qxd5 
Nd2 35.Qxc6 bxc6 36.Ne6 Re8 37.Rb6 Kg8 38.Rxc6 Kf7 39.Bc3 Ne4 40.Nc7 Rb8 
41.Nd5 Nxc3 42.Nxc3 Bxd4+ 43.Kg2 Rb2+ 44.Kh1 Rc2 45.Rc7+ Ke6 46.Nb5 Rxc7 
47.Nxc7+ Kf5 48.Nd5 Ke4 49.Nf4 Kf3 50.Ne6 Bf6 51.Nf4 g5 52.Kg1 h6 53.Kh1 
Be5 54.Nd3 Bd6 55.Ne1+ Ke2 56.Ng2 Be5 57.Nh4 Kf2 58.Nf5 h5 59.Ne7 g4 60.
Nf5 Bf6 61.Nd6 Kf3 62.Nf5 Ke4 63.Nh6 Kf3 64.Nf5 Be5 65.Kg1 Ke4 66.Nh6 Bg7 
67.Nxg4 hxg4 68.h3 gxh3 1/2-1/2

[Event "4th EUR-ch"]
[Site "Istanbul TUR"]
[Date "2003.06.05"]
[Round "6.95"]
[White "Duman, Aydin"]
[Black "Vajda, Levente"]
[Result "0-1"]
[WhiteElo "2185"]
[BlackElo "2592"]
[EventDate "2003.05.30"]
[PlyCount "84"]

1.e4 c5 2.Nf3 d6 3.d4 cxd4 4.Nxd4 Nf6 5.Nc3 a6 6.f4 e5 7.Nf3 Nbd7 8.Bd3 
Be7 9.O-O O-O 10.Kh1 b5 11.a3 Rb8 12.Qe1 Re8 13.Bd2 Bb7 14.fxe5 dxe5 15.
Qg3 Nh5 16.Qh3 g6 17.Nd5 Bxd5 18.exd5 Bf6 19.Ng1 e4 20.Be2 Ng7 21.c3 Be5 
22.g4 Nb6 23.Qh6 Qxd5 24.Rad1 Qb7 25.Be3 Nd5 26.Bd4 Bxd4 27.Rxd4 Ne6 28.
Rdd1 Rbd8 29.Nh3 Qc7 30.a4 bxa4 31.Bxa6 e3 32.Rf3 a3 33.bxa3 Qc6 34.Be2 
Nxc3 35.Rc1 Rd3 36.Kg2 Rd2 37.Ng1 Nd4 38.Rxc3 Rxe2+ 39.Kf1 Qxf3+ 40.Nxf3 
Rf2+ 41.Ke1 Nxf3+ 42.Kd1 e2+ 0-1

[Event "4th EUR-ch"]
[Site "Istanbul TUR"]
[Date "2003.06.05"]
[Round "6.97"]
[White "Nyysti, Sampsa"]
[Black "Can, Emre"]
[Result "1/2-1/2"]
[WhiteElo "2429"]
[BlackElo "2200"]
[EventDate "2003.05.30"]
[PlyCount "51"]

1.e4 c5 2.Nf3 d6 3.d4 cxd4 4.Nxd4 Nf6 5.Nc3 g6 6.Be3 Bg7 7.f3 Nc6 8.Qd2 
O-O 9.Bc4 Qa5 10.O-O-O Bd7 11.Bb3 Rfc8 12.Kb1 Ne5 13.g4 Nc4 14.Bxc4 Rxc4 
15.Nb3 Qa6 16.e5 Nxg4 17.fxg4 Bxg4 18.Rdf1 Bxe5 19.Bd4 Be6 20.h4 h5 21.
Bxe5 dxe5 22.Qe3 Rxh4 23.Nc5 Rxh1 24.Rxh1 Qc6 25.Rxh5 gxh5 26.Qg5+ 1/2-1/2

[Event "4th EUR-ch"]
[Site "Istanbul TUR"]
[Date "2003.06.05"]
[Round "6.99"]
[White "Brendel, Oliver"]
[Black "Ataman, Alper"]
[Result "1/2-1/2"]
[WhiteElo "2378"]
[BlackElo "2161"]
[EventDate "2003.05.30"]
[PlyCount "26"]

1.e4 c5 2.Nf3 Nc6 3.Nc3 Nf6 4.Bb5 Qc7 5.O-O Nd4 6.Bd3 Ng4 7.g3 Nxf3+ 8.
Qxf3 Ne5 9.Qf4 e6 10.b3 a6 11.Bb2 d6 12.Rfe1 Be7 13.Qe3 Bf6 1/2-1/2

[Event "4th EUR-ch"]
[Site "Istanbul TUR"]
[Date "2003.06.05"]
[Round "6.100"]
[White "Reyhan, Dogan"]
[Black "Arduman, Can"]
[Result "1/2-1/2"]
[WhiteElo "2161"]
[BlackElo "2361"]
[EventDate "2003.05.30"]
[PlyCount "27"]

1.e4 c5 2.Nf3 Nc6 3.d4 cxd4 4.Nxd4 g6 5.Nxc6 bxc6 6.Qd4 Nf6 7.e5 Nd5 8.e6 
f6 9.exd7+ Bxd7 10.Be2 Qb6 11.Qh4 Qb4+ 12.Qxb4 Nxb4 13.Na3 Bf5 14.Bf3 
1/2-1/2

[Event "4th EUR-ch"]
[Site "Istanbul TUR"]
[Date "2003.06.05"]
[Round "6.101"]
[White "Olcayoz, Alper"]
[Black "Valansi, Avram Alber"]
[Result "1-0"]
[WhiteElo "2310"]
[BlackElo "2154"]
[EventDate "2003.05.30"]
[PlyCount "167"]

1.Nf3 Nf6 2.c4 c5 3.Nc3 d5 4.cxd5 Nxd5 5.Qa4+ Bd7 6.Qb3 Nb6 7.Ne5 e6 8.g3 
Nc6 9.Nxd7 Qxd7 10.Bg2 Nd4 11.Qd1 Be7 12.O-O O-O 13.d3 Rac8 14.b3 Bf6 15.
Bb2 Nb5 16.Qd2 Bxc3 17.Bxc3 Nxc3 18.Qxc3 Nd5 19.Qb2 b6 20.Rac1 Qe7 21.Rfd1
Rfd8 22.a3 Rc7 23.d4 Nf6 24.dxc5 Rxd1+ 25.Rxd1 Rxc5 26.b4 Rc7 27.Qe5 h6 
28.Bf3 Rd7 29.Rc1 Qd6 30.Rc8+ Kh7 31.Qc3 e5 32.Qc2+ g6 33.Kg2 Kg7 34.Rc6 
Qd2 35.Qb1 Qd4 36.e4 h5 37.h3 Qd3 38.Qb2 Qd4 39.Qc2 Qd3 40.Qb2 Qd4 41.Qe2 
Qd3 42.Qb2 Rd4 43.Rc3 Qb5 44.Qc2 g5 45.Qc1 Kg6 46.h4 Nh7 47.Rc8 g4 48.Rg8+
Kf6 49.Qh6+ Ke7 50.Bxg4 hxg4 51.Qxh7 Qe2 52.Qf5 Qxe4+ 53.Qxe4 Rxe4 54.Ra8 
a5 55.bxa5 bxa5 56.Rxa5 f5 57.Ra6 Kf7 58.a4 f4 59.gxf4 exf4 60.a5 Re2 61.
Kf1 Ra2 62.h5 f3 63.Kg1 g3 64.fxg3 Rg2+ 65.Kf1 Rxg3 66.Kf2 Rh3 67.h6 Kg8 
68.Rb6 Kh7 69.a6 Rh4 70.Kxf3 Ra4 71.Ke3 Kh8 72.Kd3 Kh7 73.Kc3 Kh8 74.Kb3 
Ra1 75.Kb4 Kh7 76.Kc5 Rc1+ 77.Kb5 Ra1 78.Kc6 Rc1+ 79.Kb7 Rf1 80.a7 Rf7+ 
81.Ka6 Rf8 82.Rb8 Rf6+ 83.Kb5 Rf5+ 84.Kc4 1-0

[Event "4th EUR-ch"]
[Site "Istanbul TUR"]
[Date "2003.06.05"]
[Round "6.102"]
[White "Karadeniz, Emre"]
[Black "Kayar, Erdem"]
[Result "1-0"]
[WhiteElo "2308"]
[BlackElo "2077"]
[EventDate "2003.05.30"]
[PlyCount "59"]

1.d4 Nf6 2.Nf3 c5 3.d5 g6 4.Nc3 Bg7 5.e4 d6 6.Bb5+ Bd7 7.a4 O-O 8.O-O Bxb5
9.axb5 Nbd7 10.Re1 Ne8 11.Bf4 Nc7 12.Qe2 a6 13.bxa6 Rxa6 14.Rxa6 Nxa6 15.
e5 Nxe5 16.Nxe5 dxe5 17.Bxe5 Bxe5 18.Qxe5 Nb4 19.Re2 Qa5 20.Qxe7 Nxc2 21.
h4 Nd4 22.Re1 Qb4 23.d6 Qxb2 24.Nd5 Nc6 25.Qg5 f6 26.Qh6 f5 27.Ne7+ Nxe7 
28.dxe7 Qa1 29.Kh2 Qh8 30.Qxf8# 1-0

[Event "4th EUR-ch"]
[Site "Istanbul TUR"]
[Date "2003.06.05"]
[Round "6.103"]
[White "Ipek, Ali"]
[Black "Azimi, Reza"]
[Result "1/2-1/2"]
[WhiteElo "2254"]
[BlackElo "2046"]
[EventDate "2003.05.30"]
[PlyCount "90"]

1.d4 Nf6 2.Nf3 d5 3.Bg5 e6 4.Nbd2 Be7 5.e3 O-O 6.Bd3 h6 7.Bh4 b6 8.O-O Ba6
9.Bxa6 Nxa6 10.Ne5 Nb8 11.f4 c5 12.c3 Nfd7 13.Bxe7 Qxe7 14.Qe2 Nxe5 15.
fxe5 Nc6 16.Rf4 f5 17.exf6 Rxf6 18.Rxf6 Qxf6 19.Rf1 Qe7 20.Qb5 Rc8 21.Qd3 
Rf8 22.Nf3 Qd6 23.Qg6 Rf6 24.Qe8+ Rf8 25.Qh5 Rf5 26.Qh3 Rf8 27.Rf2 Qe7 28.
Qg4 e5 29.dxc5 bxc5 30.Nh4 Rxf2 31.Kxf2 Qf6+ 32.Ke2 Ne7 33.Nf3 e4 34.Nd2 
Qa6+ 35.Ke1 Qxa2 36.Qe6+ Kf8 37.c4 dxc4 38.Qxe4 Qxb2 39.Nxc4 Qb4+ 40.Kf2 
a5 41.Qe6 Qb1 42.Nxa5 Qc2+ 43.Kg3 Qd2 44.Nc4 Qe1+ 45.Kh3 Qe2 1/2-1/2

[Event "4th EUR-ch"]
[Site "Istanbul TUR"]
[Date "2003.06.06"]
[Round "7.1"]
[White "Azmaiparashvili, Zurab"]
[Black "Alexandrov, Alexei"]
[Result "1/2-1/2"]
[WhiteElo "2678"]
[BlackElo "2650"]
[EventDate "2003.05.30"]
[PlyCount "142"]

1.Nf3 Nf6 2.c4 e6 3.g3 a6 4.d3 b5 5.e4 d6 6.Bg2 Bb7 7.b3 Be7 8.Nc3 bxc4 9.
bxc4 Nbd7 10.Rb1 Rb8 11.Nd2 Ba8 12.d4 Rxb1 13.Ndxb1 Qb8 14.O-O Nxe4 15.
Nxe4 Qxb1 16.d5 exd5 17.Nc3 Qb4 18.Nxd5 Bxd5 19.Qxd5 O-O 20.Qc6 Ne5 21.
Qxc7 Bd8 22.a3 Bxc7 23.axb4 Rb8 24.Bd2 Nxc4 25.Rc1 Nxd2 26.Rxc7 g5 27.Rb7 
Rxb7 28.Bxb7 Kf8 29.Kg2 Ke7 30.Bxa6 d5 31.Bd3 h6 32.f4 gxf4 33.gxf4 Nb3 
34.Kf3 Nd4+ 35.Ke3 Nc6 36.b5 Na5 37.Kd4 Kd6 38.Bc2 f6 39.f5 Nc4 40.Be4 Nb6
41.Bf3 Nd7 42.Bxd5 Nb6 43.Be6 Na4 44.Kc4 Nb6+ 45.Kb4 Na8 46.Kc4 Nb6+ 47.
Kd4 Na4 48.Bb3 Nb6 49.h3 Nd7 50.Be6 Nb6 51.Ke4 Na4 52.Kf4 Ke7 53.Kg4 Kf8 
54.Kf4 Ke7 55.Ke3 Kd6 56.Kd4 Nb6 57.Bc4 Nd7 58.Bb3 Nb6 59.Be6 Na4 60.Kc4 
Nb6+ 61.Kb4 Na8 62.Bf7 Nb6 63.Ka5 Kc7 64.Bb3 Nd7 65.Be6 Nb6 66.h4 Na8 67.
b6+ Nxb6 68.Kb5 Na8 69.Kc5 Nb6 70.Kb5 Kb7 71.Kc5 Kc7 1/2-1/2

[Event "4th EUR-ch"]
[Site "Istanbul TUR"]
[Date "2003.06.06"]
[Round "7.3"]
[White "Sakaev, Konstantin"]
[Black "Naer, Evgeny"]
[Result "1-0"]
[WhiteElo "2664"]
[BlackElo "2606"]
[EventDate "2003.05.30"]
[PlyCount "129"]

1.d4 d5 2.c4 c6 3.Nf3 Nf6 4.Nc3 a6 5.g3 b5 6.c5 g6 7.Bg2 Bg7 8.O-O O-O 9.
Ne5 Be6 10.h3 Qc8 11.Kh2 Nfd7 12.Nf3 Nf6 13.Ne5 Nfd7 14.f4 f5 15.Be3 a5 
16.g4 Nf6 17.gxf5 Bxf5 18.Bf2 Qe6 19.Bh4 Nbd7 20.e3 h6 21.Bxf6 Nxf6 22.Ne2
Ne4 23.Bxe4 Bxe4 24.Ng3 Bf5 25.Nxf5 Rxf5 26.Qg4 Bxe5 27.dxe5 Kh7 28.Rg1 
Qf7 29.Rg2 a4 30.Rag1 Rg8 31.Qd1 Rg7 32.Rg3 Qe6 33.R1g2 Rf8 34.Qg4 Qf5 35.
Qxf5 Rxf5 36.Rg4 Rff7 37.h4 e6 38.Kg3 h5 39.Rg5 b4 40.Kf3 Rb7 41.Rg1 Rb5 
42.Rc1 Ra7 43.Ke2 Rg7 44.Kd3 Kg8 45.Kd4 Kf7 46.e4 dxe4 47.Kxe4 Rg8 48.Rg3 
Rd8 49.Rd3 Rd5 50.Rxd5 exd5+ 51.Kd4 Rb8 52.Rg1 b3 53.a3 Rf8 54.Ke3 Kg7 55.
Rd1 Ra8 56.Kd4 Rf8 57.Rf1 Rf7 58.Kc3 Rb7 59.f5 gxf5 60.Rxf5 Re7 61.Kb4 Ra7
62.Rf6 Ra6 63.Kc3 Kh7 64.Rd6 Kg7 65.Kd4 1-0

[Event "4th EUR-ch"]
[Site "Istanbul TUR"]
[Date "2003.06.06"]
[Round "7.4"]
[White "Georgiev, Kiril"]
[Black "Nisipeanu, Liviu-Dieter"]
[Result "1/2-1/2"]
[WhiteElo "2647"]
[BlackElo "2606"]
[EventDate "2003.05.30"]
[PlyCount "36"]

1.d4 Nf6 2.c4 e6 3.Nc3 Bb4 4.Qc2 O-O 5.a3 Bxc3+ 6.Qxc3 b5 7.cxb5 c6 8.Bg5 
cxb5 9.Nf3 Bb7 10.Nd2 h6 11.Bh4 Nc6 12.e3 a6 13.Bxf6 Qxf6 14.Ne4 Qd8 15.
Nc5 Ra7 16.Nxb7 Rxb7 17.Be2 b4 18.axb4 Rxb4 1/2-1/2

[Event "4th EUR-ch"]
[Site "Istanbul TUR"]
[Date "2003.06.06"]
[Round "7.5"]
[White "Iordachescu, Viorel"]
[Black "Graf, Alexander"]
[Result "1/2-1/2"]
[WhiteElo "2550"]
[BlackElo "2630"]
[EventDate "2003.05.30"]
[PlyCount "54"]

1.e4 e5 2.Nf3 Nc6 3.Bb5 a6 4.Ba4 Nf6 5.O-O Be7 6.Re1 b5 7.Bb3 d6 8.c3 O-O 
9.h3 Na5 10.Bc2 c5 11.d4 Nd7 12.Nbd2 exd4 13.cxd4 Nc6 14.d5 Nce5 15.a4 b4 
16.Nxe5 Nxe5 17.f4 Ng6 18.Nc4 a5 19.b3 Ba6 20.Bd3 Bf6 21.Ra2 Bd4+ 22.Kh2 
Ra7 23.g3 f6 24.Be3 Bc3 25.Bd2 Bd4 26.Be3 Bc3 27.Bd2 Bd4 1/2-1/2

[Event "4th EUR-ch"]
[Site "Istanbul TUR"]
[Date "2003.06.06"]
[Round "7.6"]
[White "Nielsen, Peter Heine"]
[Black "Agrest, Evgenij"]
[Result "1/2-1/2"]
[WhiteElo "2625"]
[BlackElo "2591"]
[EventDate "2003.05.30"]
[PlyCount "77"]

1.d4 d5 2.c4 c6 3.Nf3 Nf6 4.Nc3 a6 5.e3 e6 6.b3 Bb4 7.Bd2 Qe7 8.Bd3 Nbd7 
9.O-O O-O 10.Qc2 h6 11.Rfe1 e5 12.dxe5 Nxe5 13.Nxe5 Qxe5 14.cxd5 cxd5 15.
Ne2 Bd6 16.Ng3 Qe7 17.Bc3 Ng4 18.Bh7+ Kh8 19.Bf5 Bxg3 20.hxg3 Qg5 21.Bxg4 
Bxg4 22.Bd4 Rac8 23.Qd2 Kg8 24.Rac1 Rxc1 25.Rxc1 Rc8 26.Rxc8+ Bxc8 27.Qc3 
Be6 28.Qc7 b5 29.Qb7 Qg4 30.Qb8+ Kh7 31.f3 Qg6 32.Qc7 Bf5 33.g4 Bb1 34.a3 
Bc2 35.b4 Bd3 36.Qe5 Bc4 37.Kh2 Qg5 38.Qxg5 hxg5 39.Kg3 1/2-1/2

[Event "4th EUR-ch"]
[Site "Istanbul TUR"]
[Date "2003.06.06"]
[Round "7.9"]
[White "Chuchelov, Vladimir"]
[Black "Rublevsky, Sergei"]
[Result "1/2-1/2"]
[WhiteElo "2592"]
[BlackElo "2670"]
[EventDate "2003.05.30"]
[PlyCount "56"]

1.Nf3 d5 2.d4 e6 3.c4 dxc4 4.e3 c5 5.Bxc4 a6 6.O-O Nf6 7.dxc5 Qxd1 8.Rxd1 
Bxc5 9.Be2 O-O 10.Nbd2 Rd8 11.Ne5 Be7 12.Nec4 Nbd7 13.Nb3 b6 14.f3 a5 15.
e4 Ba6 16.Be3 Rac8 17.Rac1 a4 18.Nd4 Bxc4 19.Rxc4 Rxc4 20.Bxc4 Ne5 21.Be2 
Bc5 22.Kf2 g5 23.a3 g4 24.Ke1 gxf3 25.gxf3 Rc8 26.Bg5 Kg7 27.Nb5 Ng6 28.
Rc1 Rd8 1/2-1/2

[Event "4th EUR-ch"]
[Site "Istanbul TUR"]
[Date "2003.06.06"]
[Round "7.11"]
[White "Rozentalis, Eduardas"]
[Black "Beliavsky, Alexander"]
[Result "1-0"]
[WhiteElo "2586"]
[BlackElo "2649"]
[EventDate "2003.05.30"]
[PlyCount "120"]

1.e4 e5 2.Nf3 Nc6 3.Nc3 Nf6 4.g3 Bc5 5.Bg2 d6 6.d3 a6 7.O-O Be6 8.Be3 Bxe3
9.fxe3 Ne7 10.Nh4 c6 11.d4 Qb6 12.Qd2 O-O 13.d5 Bd7 14.dxc6 Bxc6 15.Rxf6 
gxf6 16.Rf1 Qd8 17.Qe2 Kh8 18.Qh5 Rg8 19.Qxf7 Rf8 20.Qe6 Nc8 21.Bh3 Nb6 
22.Qg4 Bd7 23.Nf5 Bxf5 24.Rxf5 Rc8 25.Qh4 Rc7 26.Rh5 f5 27.Qxd8 Rxd8 28.
Bxf5 Rf8 29.Rh6 Rff7 30.Rxd6 Rc6 31.Rd3 Nc4 32.Nd1 Nd6 33.Be6 Rf6 34.Bb3 
Nxe4 35.Bd5 Nc5 36.Rc3 Rc7 37.Nf2 Rd6 38.e4 Ne6 39.Nd3 Rxc3 40.bxc3 Rb6 
41.Nxe5 Nc5 42.Nd3 Nxd3 43.cxd3 Rb2 44.d4 b5 45.e5 Kg7 46.Kf1 Rxh2 47.Bg2 
Kf7 48.Kg1 Rh6 49.Kf2 a5 50.g4 b4 51.cxb4 axb4 52.Bd5+ Ke7 53.Kg3 Kd7 54.
Bb3 Rh1 55.d5 Rf1 56.Ba4+ Ke7 57.Bc2 h6 58.Bf5 Re1 59.d6+ Kd8 60.Kf4 Rd1 
1-0